000 01012nam a2200181 a 4500
090 _aIAVH
_b00664
041 _aspa
110 _bCorporación Internacional de Apoyo Ambiental, CIAA
_992547
245 _aEstudio nacional de semillas forestales en Colombia
260 _aBogotá
_bInstituto Alexander von Humboldt
_c2003
300 _a132 p.
520 _aEl presente documento, en primera instancia contiene una síntesis de los estudios de oferta y demanda de semillas forestales que han antecedido este proyecto, de tal manera que permitan una fuente de comparación y sean útilies para el análisis de la información primaria y secundaria procesada. En segunda instancia se presenta de forma global, la metodología usada, dentro de la cual se incluye el instrumento principal, que es la encuesta para la toma de información.
650 _aBiodiversidad
_992204
650 _aConservación
_992401
650 _aSemillas forestales
_992548
650 _aOferta y demanda
_9597
650 _aEncuestas
_913382
999 _c6163
_d6163